000 00418nam a2200169Ia 4500
008 210716s2005 xx 000 0 und d
020 _a8178815036
041 _aeng
082 _a658.812 KRIS
100 _aKrishna, S Jaya.
245 _aSupplier relationship management.
250 _a1
260 _aHyderabad
_bICFAI University Press
_c2005
300 _aX,172
650 _aCRM
700 _aKrishna, S Jaya.
999 _c202424
_d202424